[Event "Hasselbacken Open 2016"]
[Site "Stockholm SWE"]
[Date "2016.05.02"]
[Round "3.28"]
[White "Blomqvist, Erik"]
[Black "Efroimski, Marsel"]
[Result "1-0"]
[WhiteTitle "GM"]
[BlackTitle "WIM"]
[WhiteElo "2515"]
[BlackElo "2278"]
[WhiteFideId "1709437"]
[BlackFideId "2810964"]
[EventDate "2016.04.30"]

1. c4 Nf6 2. Nf3 g6 3. b3 Bg7 4. Bb2 O-O 5. g3 c5 6. Bg2 d6 7. d4 Nc6 8. d5 Nb4
9. O-O Bd7 10. Nc3 Qc8 11. Qd2 Bh3 12. e4 Bxg2 13. Kxg2 Nh5 14. Rae1 Qg4 15. h3
Qd7 16. e5 f5 17. exd6 exd6 18. Ng5 Bf6 19. Ne6 Rf7 20. Re3 Re7 21. Rfe1 Rae8
22. a3 Nc6 23. Nb5 f4 24. Nxf4 Nxf4+ 25. gxf4 Rxe3 26. Rxe3 Rxe3 27. fxe3 Bxb2
28. Qxb2 Qe7 29. Kf3 Nb8 30. Qg2 a6 31. Nc3 b5 32. Qg4 b4 33. axb4 cxb4 34. Ne4
Kg7 35. Qc8 Nd7 36. Qc6 Nc5 37. Nxd6 Nxb3 38. Ne4 Qh4 39. Qb7+ Kf8 40. Ng5 Qf2+
41. Kxf2 1-0

[Event "Hasselbacken Open 2016"]
[Site "Stockholm SWE"]
[Date "2016.05.02"]
[Round "3.29"]
[White "Onischuk, Vladimir"]
[Black "Wikner, Arvid"]
[Result "1-0"]
[WhiteTitle "GM"]
[WhiteElo "2620"]
[BlackElo "2241"]
[WhiteFideId "14114038"]
[BlackFideId "1702262"]
[EventDate "2016.04.30"]

1. e4 e5 2. Nf3 Nc6 3. Bc4 Bc5 4. c3 Nf6 5. d3 O-O 6. Nbd2 a6 7. Bb3 d6 8. O-O
Ba7 9. h3 Bd7 10. Re1 h6 11. Nf1 Re8 12. Ng3 Ne7 13. Nh4 Nh7 14. Rf1 Rf8 15. d4
exd4 16. cxd4 Bxd4 17. Qxd4 Nc6 18. Qe3 Qxh4 19. f4 Rae8 20. Bd2 Nf6 21. Rae1
Ne7 22. f5 Ned5 23. Qf3 Nb6 24. Qc3 Nxe4 25. Nxe4 Rxe4 26. Qxc7 Nc4 27. Rxe4
Qxe4 28. Qxc4 1-0

[Event "Hasselbacken Open 2016"]
[Site "Stockholm SWE"]
[Date "2016.05.02"]
[Round "3.30"]
[White "Rozentalis, Eduardas"]
[Black "Tuomainen, Felix"]
[Result "1-0"]
[WhiteTitle "GM"]
[WhiteElo "2584"]
[BlackElo "2205"]
[WhiteFideId "12800023"]
[BlackFideId "1720813"]
[EventDate "2016.04.30"]

1. e4 e6 2. d4 d5 3. Nd2 dxe4 4. Nxe4 Nd7 5. g3 Ngf6 6. Nxf6+ Nxf6 7. Bg2 c5 8.
Ne2 Be7 9. O-O O-O 10. c3 Qc7 11. Bf4 Bd6 12. Bxd6 Qxd6 13. Qb3 Bd7 14. Qa3 Rac8
15. Bxb7 Rc7 16. Bg2 Bb5 17. Rfe1 Qb6 18. Rad1 Bc4 19. Nf4 h6 20. b3 Bb5 21. c4
Bd7 22. Qb2 cxd4 23. Qxd4 Qa5 24. Qd6 Rfc8 25. a3 Bc6 26. Qb4 Qa6 27. Rd6 Rb7
28. Qd2 Rd7 29. Bxc6 Rxd6 30. Qxd6 Rxc6 31. Qd8+ Kh7 32. Qe7 Kg8 33. Rd1 Rc8 34.
Rd8+ Rxd8 35. Qxd8+ Kh7 36. Qd3+ Kg8 37. b4 1-0

[Event "Hasselbacken Open 2016"]
[Site "Stockholm SWE"]
[Date "2016.05.02"]
[Round "3.31"]
[White "Donchenko, Alexander"]
[Black "Kolas, Tore"]
[Result "1-0"]
[WhiteTitle "GM"]
[WhiteElo "2573"]
[BlackElo "2187"]
[WhiteFideId "24603295"]
[BlackFideId "1502050"]
[EventDate "2016.04.30"]

1. Nf3 d5 2. g3 Nf6 3. Bg2 c6 4. c4 g6 5. b3 Bg7 6. Bb2 O-O 7. O-O Re8 8. d4 Ne4
9. e3 Bf5 10. Qe2 Nd7 11. Rc1 Rc8 12. Na3 a6 13. Nc2 dxc4 14. bxc4 Nec5 15. Nh4
Nd3 16. Rcb1 Nxb2 17. Nxf5 gxf5 18. Rxb2 e5 19. Qh5 exd4 20. exd4 b5 21. Qxf5
Nf8 22. Rd1 Qd6 23. Ne3 bxc4 24. Nxc4 Qe6 25. Qxe6 Rxe6 26. Bh3 Rd8 27. Bxe6
Nxe6 28. Kg2 Bxd4 29. Rc2 c5 30. Na5 Rd6 31. Nb3 Rd5 32. Rc4 Kf8 33. Nxc5 1-0

[Event "Hasselbacken Open 2016"]
[Site "Stockholm SWE"]
[Date "2016.05.02"]
[Round "3.32"]
[White "Brunner, Nicolas"]
[Black "Kaasen, Tor Fredrik"]
[Result "1-0"]
[WhiteTitle "IM"]
[WhiteElo "2447"]
[BlackElo "2177"]
[WhiteFideId "620246"]
[BlackFideId "1516647"]
[EventDate "2016.04.30"]

1. d4 Nf6 2. c4 g6 3. Nc3 Bg7 4. e4 d6 5. Nf3 O-O 6. Be2 e5 7. O-O Nc6 8. d5 Ne7
9. b4 a5 10. bxa5 Rxa5 11. a4 Re8 12. Nd2 c5 13. Nb5 Rf8 14. Ra3 Ne8 15. Kh1 f5
16. exf5 Nxf5 17. Ne4 Nd4 18. Bg5 Qd7 19. h3 Nxb5 20. cxb5 Nf6 21. Nd2 Qe7 22.
Nc4 Ra7 23. a5 h6 24. Bxf6 Bxf6 25. Bg4 Bd7 26. Bxd7 Qxd7 27. Qg4 Qxg4 28. hxg4
Be7 29. g3 Kg7 30. Kg2 h5 31. gxh5 gxh5 32. a6 bxa6 33. b6 Rb7 34. Rxa6 Rfb8 35.
Ra7 Kf8 36. Rh1 h4 37. gxh4 Bd8 38. Kh3 Rg7 39. Rxg7 Kxg7 40. Rb1 Rb7 41. Ra1
Kg6 42. Ra7 Rb8 43. Rd7 Bf6 44. b7 Rh8 45. Rc7 1-0

[Event "Hasselbacken Open 2016"]
[Site "Stockholm SWE"]
[Date "2016.05.02"]
[Round "3.33"]
[White "Almasi, Istvan"]
[Black "Isetoft, Bengt-Ola"]
[Result "1-0"]
[WhiteTitle "IM"]
[WhiteElo "2420"]
[BlackElo "2144"]
[WhiteFideId "701742"]
[BlackFideId "1708970"]
[EventDate "2016.04.30"]

1. d4 d6 2. e4 g6 3. Nc3 Bg7 4. Be3 Nf6 5. Qd2 h6 6. h3 c6 7. Bd3 b5 8. Nf3 a6
9. O-O Be6 10. a4 b4 11. Ne2 Qa5 12. Nf4 Bc8 13. e5 Nd5 14. exd6 exd6 15. Nxd5
Qxd5 16. Qxb4 O-O 17. c4 Qh5 18. Qxd6 Bxh3 19. Rfe1 Bf5 20. Bf1 Nd7 21. Qxc6 Nf6
22. Bf4 Qg4 23. Bg3 Be4 24. Qb6 Nh5 25. Ne5 Qf5 26. Bh2 Rab8 27. Qxa6 Rxb2 28.
Re2 Rxe2 29. Bxe2 Nf4 30. Bf1 Bxe5 31. dxe5 Qxe5 32. Re1 Qf5 33. Qb5 Nh3+ 34.
gxh3 Qf3 35. Rxe4 Qxe4 1-0

[Event "Hasselbacken Open 2016"]
[Site "Stockholm SWE"]
[Date "2016.05.02"]
[Round "3.34"]
[White "Ronneland, Daniel"]
[Black "Stark, Lars"]
[Result "1/2-1/2"]
[BlackTitle "IM"]
[WhiteElo "2196"]
[BlackElo "2409"]
[WhiteFideId "1702130"]
[BlackFideId "4676386"]
[EventDate "2016.04.30"]

1. d4 Nf6 2. c4 e6 3. Nf3 b6 4. g3 Ba6 5. Qc2 c5 6. d5 exd5 7. cxd5 d6 8. Bg2 g6
9. O-O Bg7 10. Re1 O-O 11. e4 Re8 12. a4 Bb7 13. Na3 Na6 14. Bd2 Nb4 15. Bxb4
cxb4 16. Nb5 Rc8 17. Qd2 Nxe4 18. Qxb4 a5 19. Qa3 Rc5 20. Nfd4 Bxd5 21. Rad1 Ba8
22. Nb3 Rce5 23. f4 R5e6 24. N3d4 R6e7 25. b4 axb4 26. Qxb4 Bf8 27. f5 Re5 28.
Rf1 d5 29. Qb2 Bc5 30. Kh1 Bb7 31. Ne6 R8xe6 32. fxe6 Nxg3+ 33. hxg3 Rh5+ 34.
Bh3 Rxh3+ 35. Kg2 Rxg3+ 36. Kxg3 Qg5+ 37. Kh3 Qh5+ 38. Kg3 Qg5+ 39. Kh3 Qe3+ 40.
Kh2 Qh6+ 41. Kg3 Qg5+ 1/2-1/2

[Event "Hasselbacken Open 2016"]
[Site "Stockholm SWE"]
[Date "2016.05.02"]
[Round "3.35"]
[White "Sagit, Rauan"]
[Black "Marttala, Thomas"]
[Result "1/2-1/2"]
[WhiteTitle "FM"]
[WhiteElo "2389"]
[BlackElo "2149"]
[WhiteFideId "1708376"]
[BlackFideId "1701118"]
[EventDate "2016.04.30"]

1. Nf3 Nf6 2. g3 g6 3. b3 b6 4. Bb2 Bg7 5. Bg2 Bb7 6. O-O O-O 7. d3 d5 8. c4
dxc4 9. bxc4 c5 10. Nbd2 Nc6 11. Ne5 Qc7 12. Nxc6 Bxc6 13. Bxc6 Qxc6 14. Nf3
Rfd8 15. Qb3 Qe6 16. Rae1 Qh3 17. Ng5 Qh5 18. Bxf6 Bxf6 19. Ne4 Bg7 20. Kg2 f5
21. Nd2 e5 22. Qc2 Re8 23. e4 f4 24. f3 g5 25. g4 Qf7 26. Nb1 Bf6 27. Nc3 Bd8
28. Nd5 Re6 29. Rb1 Rc8 30. Rh1 Rcc6 31. Kf2 Rh6 1/2-1/2

[Event "Hasselbacken Open 2016"]
[Site "Stockholm SWE"]
[Date "2016.05.02"]
[Round "3.36"]
[White "Rietze, Clemens"]
[Black "Fehr, Axel"]
[Result "1-0"]
[WhiteTitle "FM"]
[WhiteElo "2354"]
[BlackElo "2143"]
[WhiteFideId "24620351"]
[BlackFideId "4675185"]
[EventDate "2016.04.30"]

1. d4 d6 2. c4 f5 3. Nc3 Nf6 4. g3 g6 5. Bg2 Bg7 6. Nf3 O-O 7. O-O c6 8. d5 Na6
9. dxc6 bxc6 10. Nd4 Bd7 11. Nxc6 Qe8 12. Nd4 Rb8 13. Ndb5 Nc5 14. Nxa7 Rb4 15.
b3 Nfe4 16. Nxe4 fxe4 17. Ba3 Rb6 18. Bxc5 dxc5 19. Qd5+ Kh8 20. Rad1 Rd6 21.
Qxc5 Bg4 22. Qe3 Re6 23. Nb5 h5 24. Nc7 1-0

[Event "Hasselbacken Open 2016"]
[Site "Stockholm SWE"]
[Date "2016.05.02"]
[Round "3.37"]
[White "Mihajlov, Sebastian"]
[Black "Yapar, Nedim"]
[Result "1-0"]
[WhiteTitle "FM"]
[WhiteElo "2343"]
[BlackElo "2068"]
[WhiteFideId "1512110"]
[BlackFideId "6307590"]
[EventDate "2016.04.30"]

1. d4 Nf6 2. c4 e6 3. Nf3 d5 4. Nc3 a6 5. cxd5 exd5 6. Bg5 Be6 7. e3 Nbd7 8. Bd3
h6 9. Bh4 Bd6 10. Rb1 a5 11. O-O c6 12. Qc2 O-O 13. a3 Qc7 14. Rfc1 Rfc8 15. Bg3
Bxg3 16. hxg3 Qd6 17. Na4 b6 18. b4 axb4 19. axb4 Qe7 20. Nd2 g6 21. Qb3 Kg7 22.
Ra1 Qd6 23. Qb2 Kg8 24. Nf3 Ng4 25. Be2 Kh7 26. Ne1 Ngf6 27. Nd3 Ne4 28. Ne5 c5
29. bxc5 bxc5 30. Nxd7 Bxd7 31. dxc5 Nxc5 32. Nxc5 Rxa1 33. Rxa1 Qxc5 34. Qf6
Be6 35. Bd3 Qc3 36. Bxg6+ Kg8 37. Qxc3 Rxc3 38. Bh5 Kg7 39. Rd1 Kf6 40. Bf3 Ke5
41. g4 Rc4 42. Kh2 Rc2 43. Kg3 Rb2 44. Rh1 Rb4 45. Rh5+ Kd6 46. Rxh6 d4 47. exd4
Rxd4 48. g5 Ke5 49. Bh5 Rd3+ 50. f3 Rd4 51. Rf6 Rd3 52. Bxf7 1-0

[Event "Hasselbacken Open 2016"]
[Site "Stockholm SWE"]
[Date "2016.05.02"]
[Round "3.38"]
[White "Wecker, Martin"]
[Black "Olund, Joar"]
[Result "0-1"]
[BlackTitle "FM"]
[WhiteElo "2144"]
[BlackElo "2339"]
[WhiteFideId "12931462"]
[BlackFideId "1714848"]
[EventDate "2016.04.30"]

1. Nf3 g6 2. c4 Bg7 3. d4 d6 4. g3 Nf6 5. Nc3 O-O 6. Bg2 Nc6 7. O-O Bf5 8. d5
Na5 9. Nd2 c5 10. e4 Bd7 11. Qc2 a6 12. b3 b5 13. Bb2 Rb8 14. Nd1 bxc4 15. bxc4
e6 16. Bc3 exd5 17. exd5 Ng4 18. Bxg7 Kxg7 19. h3 Nh6 20. Ne3 Qf6 21. Rab1 Nf5
22. Ng4 Qd4 23. Rfc1 h5 24. Nh2 Rxb1 25. Rxb1 Ba4 26. Qxa4 Qxd2 27. Bf1 Qc3 28.
Rd1 Qb4 29. Qxb4 cxb4 30. Rb1 Rb8 31. Nf3 b3 32. axb3 Rxb3 33. Ra1 Nb7 34. Nd2
Rb6 35. Ne4 Nd4 36. c5 Nxc5 37. Nxc5 dxc5 38. Rxa6 Rxa6 39. Bxa6 g5 40. Kg2 h4
41. gxh4 gxh4 42. f4 Kf6 43. Kf2 Ke7 44. Ke3 Kd6 45. Bc4 Nc2+ 46. Kd3 Nd4 47.
Ke4 f5+ 48. Ke3 Nc2+ 49. Ke2 Nb4 50. Kf3 Nxd5 51. Bd3 Ne7 52. Bc4 Kc7 53. Ke3
Kb6 54. Kd3 Ng6 55. Ke3 Ka5 56. Be6 Ne7 57. Kd2 Kb5 58. Kc3 Kc6 59. Kc4 Ng6 60.
Bxf5 Nxf4 61. Bg4 Ng6 62. Bf3+ Kd6 63. Be4 Ne5+ 64. Kb5 Nf7 65. Kc4 Ng5 66. Bg2
Ne6 67. Bf3 Nf8 68. Bg2 Ng6 69. Be4 Nf4 70. Bf5 Ne2 71. Be4 Nd4 72. Bb7 Ne2 73.
Bf3 Nf4 74. Bg4 Ng6 75. Bc8 Ne5+ 76. Kc3 Kd5 77. Bb7+ Ke6 78. Bc8+ Kf6 79. Kd2
Nc4+ 80. Kd3 Nd6 81. Bg4 Ke5 82. Ke3 c4 83. Be2 Nf5+ 84. Kf2 c3 85. Bd3 Kf4 86.
Ke2 Nd4+ 87. Kd1 Kf3 88. Ba6 Ke3 89. Bc8 c2+ 90. Kc1 Kd3 91. Ba6+ Kc3 92. Bf1
Nb3# 0-1

[Event "Hasselbacken Open 2016"]
[Site "Stockholm SWE"]
[Date "2016.05.02"]
[Round "3.39"]
[White "Berovski, Krum"]
[Black "Ask, Josef"]
[Result "1/2-1/2"]
[WhiteElo "2339"]
[BlackElo "2118"]
[WhiteFideId "2902931"]
[BlackFideId "1704583"]
[EventDate "2016.04.30"]

1. d4 Nf6 2. c4 d6 3. Nf3 g6 4. Nc3 Bg7 5. e4 O-O 6. Be2 e5 7. d5 a5 8. g3 Na6
9. Nh4 Nc5 10. f3 Bh3 11. Bf1 Bd7 12. Ng2 c6 13. Be3 cxd5 14. cxd5 Qb6 15. Qd2
Nh5 16. Be2 f5 17. O-O f4 18. Bf2 fxg3 19. hxg3 Nxg3 20. Rfe1 Nxe2+ 21. Qxe2 Bh6
22. Rad1 Rf7 23. Rf1 Raf8 24. Be3 Bxe3+ 25. Qxe3 Qb4 26. Rd2 a4 27. Ne1 Qc4 28.
Rff2 b5 29. Rc2 Qb4 30. Nb1 Qa5 31. Nd2 Qd8 32. Rh2 Qf6 33. b4 axb3 34. Nxb3
Nxb3 35. axb3 Qf4 36. Qxf4 Rxf4 37. Rc7 R8f7 38. Ra2 Bh3 39. Ra8+ Kg7 40. Rxf7+
Rxf7 41. Rb8 Bd7 42. Rb6 Rf6 43. Rb7 1/2-1/2

[Event "Hasselbacken Open 2016"]
[Site "Stockholm SWE"]
[Date "2016.05.02"]
[Round "3.40"]
[White "Bruchmann, Stephan"]
[Black "Kalodoukas, Odysseas"]
[Result "0-1"]
[WhiteTitle "FM"]
[WhiteElo "2318"]
[BlackElo "2042"]
[WhiteFideId "4624432"]
[BlackFideId "4266110"]
[EventDate "2016.04.30"]

1. e4 c6 2. d4 d5 3. e5 c5 4. dxc5 e6 5. Nf3 Bxc5 6. Bd3 Nc6 7. O-O Nge7 8. Bf4
h6 9. c3 g5 10. Bg3 Nf5 11. Nd4 Ncxd4 12. cxd4 Nxd4 13. Nc3 Bd7 14. Rc1 Rc8 15.
Kh1 h5 16. f4 g4 17. Bf2 Bb6 18. a4 a6 19. f5 Nc6 20. Qe2 Bxf2 21. Rxf2 Qh4 22.
Rf4 Qg5 23. Rcf1 Ne7 24. Rb4 exf5 25. Rxb7 Be6 26. Bxa6 O-O 27. Rxe7 Qxe7 28.
Bxc8 Rxc8 29. Qd2 Rb8 30. Nb5 Kh7 31. b3 Kg6 32. Nd4 Qg5 33. Qxg5+ Kxg5 34. g3
Rb4 35. Rf4 Rb8 36. a5 h4 37. Kg1 Bd7 38. Rf1 Rb4 39. Rd1 Bc8 40. Kf2 f4 41.
gxh4+ Kxh4 42. Kg1 Ba6 43. Rd2 Kh3 44. Rd1 Kh4 45. Kg2 f3+ 46. Kg1 Kh3 47. Rd2
Rxd4 48. Rxd4 g3 49. Rf4 f2+ 50. Rxf2 gxf2+ 51. Kxf2 d4 52. Kf3 d3 0-1

[Event "Hasselbacken Open 2016"]
[Site "Stockholm SWE"]
[Date "2016.05.02"]
[Round "3.41"]
[White "Lappalainen, Tommy"]
[Black "Pratyusha, Bodda"]
[Result "0-1"]
[BlackTitle "WIM"]
[WhiteElo "2138"]
[BlackElo "2318"]
[WhiteFideId "1705652"]
[BlackFideId "5000629"]
[EventDate "2016.04.30"]

1. e3 d5 2. f4 g6 3. Nf3 Bg7 4. Be2 c5 5. O-O Nc6 6. Qe1 Qc7 7. Nc3 Nf6 8. Rb1
d4 9. Nb5 Qa5 10. a3 a6 11. b4 Qd8 12. bxc5 axb5 13. Bxb5 dxe3 14. dxe3 O-O 15.
Bxc6 bxc6 16. e4 Ra4 17. Rb4 Qa5 18. Rxa4 Qxa4 19. e5 Nd5 20. Qd2 Qc4 21. Bb2
Qxc5+ 22. Bd4 Qxa3 23. c4 Nc7 24. Qf2 Ne6 25. Be3 Ba6 26. f5 gxf5 27. Ng5 Nxg5
28. Bxg5 Bxc4 29. Re1 Bd5 30. h3 Rb8 31. Re2 Qa1+ 32. Kh2 Rb1 33. Qxf5 e6 34.
Qg4 h5 35. Qf4 Rb2 36. Rxb2 Qxb2 37. Qg3 Qxe5 38. Bf4 Qe4 39. Bh6 Qxg2+ 0-1

[Event "Hasselbacken Open 2016"]
[Site "Stockholm SWE"]
[Date "2016.05.02"]
[Round "3.42"]
[White "Lundin, Jan"]
[Black "Olsson, Tomas"]
[Result "1-0"]
[WhiteTitle "FM"]
[WhiteElo "2275"]
[BlackElo "1930"]
[WhiteFideId "1706896"]
[BlackFideId "1702696"]
[EventDate "2016.04.30"]

1. d4 Nf6 2. c4 g6 3. Nc3 Bg7 4. Nf3 d6 5. Bg5 h6 6. Bh4 O-O 7. e3 b6 8. Be2 c5
9. O-O Nc6 10. h3 Bd7 11. d5 Na5 12. e4 a6 13. Re1 Rb8 14. a4 Re8 15. Qc2 Nh5
16. e5 dxe5 17. Nxe5 Bxe5 18. Bxh5 Bf5 19. Qe2 Bxc3 20. bxc3 gxh5 21. Rad1 Qd7
22. Qxh5 Nxc4 23. Bg3 Rbc8 24. Qxh6 Bh7 25. Bh4 Qd6 26. Qg5+ Kh8 27. Qg4 b5 28.
axb5 axb5 29. Bxe7 f5 30. Qh4 Qg6 31. d6 Nxd6 32. Rxd6 Qxd6 33. Bf6+ Kg8 34.
Qg5+ 1-0

[Event "Hasselbacken Open 2016"]
[Site "Stockholm SWE"]
[Date "2016.05.02"]
[Round "3.43"]
[White "Eriksson, Kristian"]
[Black "Pajeken, Wolfgang"]
[Result "0-1"]
[BlackTitle "FM"]
[WhiteElo "2068"]
[BlackElo "2269"]
[WhiteFideId "1705172"]
[BlackFideId "4622170"]
[EventDate "2016.04.30"]

1. e4 e5 2. Nf3 Nc6 3. d4 exd4 4. Nxd4 Nf6 5. Nxc6 bxc6 6. e5 Qe7 7. Qe2 Nd5 8.
c4 Ba6 9. b3 g6 10. Bb2 Bg7 11. Nd2 Nb4 12. Nf3 c5 13. g3 O-O 14. Bg2 d5 15. O-O
Rad8 16. a3 Nc6 17. Rfe1 dxc4 18. bxc4 Nd4 19. Bxd4 cxd4 20. Nd2 Qc5 21. Qe4
Rfe8 22. f4 Re6 23. Qd3 Rb6 24. Rab1 Bf8 25. Rxb6 cxb6 26. f5 b5 27. cxb5 Bxb5
28. Qe4 d3+ 29. Kh1 Re8 30. a4 gxf5 31. Qxf5 Bc6 32. Ne4 Qxe5 33. Qxe5 Rxe5 34.
Nf6+ Kh8 35. Rf1 Bxa4 36. Ng4 Re7 37. Bd5 d2 38. Nf2 Re1 0-1

[Event "Hasselbacken Open 2016"]
[Site "Stockholm SWE"]
[Date "2016.05.02"]
[Round "3.44"]
[White "Halvarsson, Gustav"]
[Black "Geenen, Marc"]
[Result "0-1"]
[BlackTitle "FM"]
[WhiteElo "1878"]
[BlackElo "2264"]
[WhiteFideId "1721437"]
[BlackFideId "200085"]
[EventDate "2016.04.30"]

1. c4 Nf6 2. Nf3 g6 3. Nc3 Bg7 4. d4 d6 5. e4 O-O 6. Be2 e5 7. Bg5 h6 8. Bxf6
Qxf6 9. dxe5 dxe5 10. Nd5 Qd8 11. Qc2 c6 12. Ne3 f5 13. c5 Qa5+ 14. Nd2 f4 15.
Qc4+ Kh7 16. b4 Qd8 17. Nc2 a5 18. a3 axb4 19. axb4 Rxa1+ 20. Nxa1 Na6 21. Qc3
Qd4 22. Qxd4 exd4 23. Nc2 d3 24. Bxd3 Bc3 25. Bxa6 Rd8 26. Na3 Bxd2+ 27. Ke2
Bxb4 28. Nc2 Rd2+ 29. Kf3 Rxc2 30. Rb1 Bxc5 0-1

[Event "Hasselbacken Open 2016"]
[Site "Stockholm SWE"]
[Date "2016.05.02"]
[Round "3.45"]
[White "Caro Martinez, Ramon"]
[Black "Eriksson, Jorgen"]
[Result "0-1"]
[WhiteElo "1738"]
[BlackElo "2231"]
[WhiteFideId "32011997"]
[BlackFideId "1701967"]
[EventDate "2016.04.30"]

1. d4 Nf6 2. Nf3 d5 3. c4 e6 4. e3 c6 5. Bd3 Nbd7 6. O-O Be7 7. b3 b6 8. Bb2 Bb7
9. Nbd2 O-O 10. Ne5 c5 11. Rc1 Rc8 12. Bb1 cxd4 13. Nxd7 Qxd7 14. Bxd4 dxc4 15.
bxc4 Rfd8 16. f4 Bc5 17. Nb3 Bxd4 18. Nxd4 Be4 19. Bd3 Bxd3 20. Qxd3 Qb7 21.
Rfd1 Ne4 22. Qe2 h6 23. Nf3 Rxd1+ 24. Qxd1 Qc7 25. Nd2 Rd8 26. Qc2 Nxd2 27. Rd1
Qd6 0-1

[Event "Hasselbacken Open 2016"]
[Site "Stockholm SWE"]
[Date "2016.05.02"]
[Round "3.46"]
[White "Seo, Jung Min"]
[Black "Wahlbom, Magnus"]
[Result "1/2-1/2"]
[WhiteElo "2045"]
[BlackElo "2223"]
[WhiteFideId "1734687"]
[BlackFideId "1700685"]
[EventDate "2016.04.30"]

1. c4 Nf6 2. g3 g6 3. Bg2 Bg7 4. Nc3 c5 5. e4 Nc6 6. d3 d6 7. Nge2 O-O 8. O-O
Rb8 9. Rb1 Ne8 10. a3 a5 11. Bd2 Nc7 12. Nb5 Bg4 13. f3 Bd7 14. a4 Ne6 15. Bc3
Ncd4 16. Nexd4 cxd4 17. Be1 Nc5 18. b3 Bc6 19. Qd2 Ra8 20. Bf2 e5 21. Qc2 Qe7
22. Be1 f5 23. Bd2 b6 24. Rbe1 Rf7 25. exf5 Qd7 26. fxg6 hxg6 27. Bc1 Rd8 28. f4
Bxg2 29. Kxg2 Qf5 30. Rd1 Qh5 31. fxe5 Rxf1 32. Rxf1 dxe5 33. Nc7 Rf8 34. Rxf8+
Bxf8 35. Ba3 Nxd3 36. Qxd3 Bxa3 37. Qe4 Qf5 38. Qd5+ Kh7 39. Ne6 Qc2+ 40. Kh3
Qf5+ 41. Kg2 1/2-1/2

[Event "Hasselbacken Open 2016"]
[Site "Stockholm SWE"]
[Date "2016.05.02"]
[Round "3.47"]
[White "Darnell, Anton"]
[Black "Hedman, Erik"]
[Result "1/2-1/2"]
[BlackTitle "FM"]
[WhiteElo "2014"]
[BlackElo "2354"]
[WhiteFideId "1720244"]
[BlackFideId "1702351"]
[EventDate "2016.04.30"]

1. d4 c5 2. d5 Nf6 3. c4 e6 4. Nc3 exd5 5. cxd5 d6 6. Nf3 g6 7. e4 Bg7 8. h3 O-O
9. Bd3 a6 10. a4 Nbd7 11. O-O Re8 12. Re1 Qe7 13. Bf4 b6 14. Nd2 Nh5 15. Be3 Be5
16. g3 Rb8 17. Qe2 Bd4 18. Nf3 Bxe3 19. Qxe3 Ne5 20. Nxe5 dxe5 21. Kh2 Rd8 22.
f4 Nf6 23. Rf1 Ne8 24. fxe5 Qxe5 25. Qf4 f6 26. Qxe5 fxe5 27. Nd1 Nd6 28. Ne3 b5
29. axb5 axb5 30. b3 c4 31. bxc4 Nxc4 32. Nxc4 bxc4 33. Bxc4 Rb2+ 34. Kg1 Bxh3
35. Rf2 1/2-1/2

[Event "Hasselbacken Open 2016"]
[Site "Stockholm SWE"]
[Date "2016.05.02"]
[Round "3.48"]
[White "Nygren, Kim"]
[Black "Marder, Simon"]
[Result "1-0"]
[WhiteElo "2267"]
[BlackElo "2008"]
[WhiteFideId "1706136"]
[BlackFideId "1704540"]
[EventDate "2016.04.30"]

1. e4 d5 2. Nc3 dxe4 3. d3 exd3 4. Bxd3 Nf6 5. Bg5 c6 6. Qe2 Qa5 7. Bxf6 gxf6 8.
O-O-O Be6 9. Bc4 Bxc4 10. Qxc4 Nd7 11. Nf3 e6 12. Rd4 O-O-O 13. Rhd1 Bh6+ 14.
Kb1 Ne5 15. Rxd8+ Rxd8 16. Rxd8+ Qxd8 17. Qh4 Bf8 18. Nxe5 fxe5 19. Qxh7 Qd2 20.
a3 Qxf2 21. Qg8 Qf1+ 22. Ka2 Qc4+ 23. Ka1 Qf1+ 24. Nb1 e4 25. Qxf8+ Kd7 26. Qb4
f5 27. Qxb7+ Kd8 28. Qxc6 Qf2 29. Qd6+ 1-0

[Event "Hasselbacken Open 2016"]
[Site "Stockholm SWE"]
[Date "2016.05.02"]
[Round "3.49"]
[White "Dubrovin, Robert"]
[Black "Korning, Peter"]
[Result "1-0"]
[WhiteElo "2239"]
[BlackElo "2006"]
[WhiteFideId "4501829"]
[BlackFideId "1723332"]
[EventDate "2016.04.30"]

1. c4 e6 2. d4 d5 3. Nc3 c5 4. e3 Nf6 5. Nf3 a6 6. cxd5 exd5 7. Be2 Nc6 8. O-O
Bd6 9. b3 cxd4 10. exd4 O-O 11. Bg5 Be6 12. Na4 h6 13. Bh4 Bf5 14. a3 g5 15. Bg3
Ne4 16. Ne5 Rc8 17. Bd3 Nxg3 18. Nxc6 Rxc6 19. fxg3 Bg6 20. b4 Kg7 21. Nc5 Bxc5
22. bxc5 Qe7 23. Qd2 Re8 24. Rab1 Re6 25. Bxg6 Kxg6 26. Qb4 Re2 27. Qxb7 Qe3+
28. Kh1 Rf2 29. Qxd5 Qd3 30. Rfd1 Rfe2 31. Qf3 Qc2 32. Rf1 f5 33. Rb6+ Kg7 34.
Rb7+ Kg6 35. Rb6+ Kg7 36. h4 g4 37. Rb7+ Kg6 38. Rb6+ Kg7 39. Qf4 Qd2 40. Qxf5
Qxd4 41. Qf7+ 1-0

[Event "Hasselbacken Open 2016"]
[Site "Stockholm SWE"]
[Date "2016.05.02"]
[Round "3.50"]
[White "Janse, Alexander"]
[Black "Lindborg, Petter"]
[Result "0-1"]
[WhiteElo "2004"]
[BlackElo "2232"]
[WhiteFideId "36052175"]
[BlackFideId "1710338"]
[EventDate "2016.04.30"]

1. Nf3 f5 2. g3 Nf6 3. Bg2 e6 4. c4 Be7 5. b3 O-O 6. Bb2 d6 7. O-O e5 8. d3 Nc6
9. Nc3 Qe8 10. Qd2 Qh5 11. Nd5 Bd8 12. Nxf6+ Rxf6 13. d4 e4 14. d5 Rh6 15. h4
Nb8 16. Ng5 Bf6 17. Bxf6 Rxf6 18. Nh3 Nd7 19. Nf4 Qf7 20. Rfd1 Qe7 21. f3 Rf7
22. Qd4 Nf6 23. Rac1 b6 24. b4 a5 25. c5 axb4 26. cxb6 cxb6 27. Qxb6 Qa7 28.
Qxa7 Rfxa7 29. Rd2 Bd7 30. Rb2 Rxa2 31. Rxb4 exf3 32. Bxf3 Ra1 33. Rxa1 Rxa1+
34. Kf2 Kf7 35. Rb6 Ke7 36. Nd3 Ra5 37. Nb4 Ra8 38. Rb7 Ke8 39. Nc6 Rc8 40. Nd4
g6 41. Ne6 Ke7 42. Ra7 Rc4 43. Ke3 Ra4 44. Rxa4 Bxa4 45. Nf4 Nd7 46. Kd4 Ne5 47.
Nd3 Nxd3 48. Kxd3 Kf6 49. Kd4 Bd1 50. g4 fxg4 51. Bxg4 h6 52. Ke4 g5 53. h5 Bc2+
54. Kd4 Bf5 55. Bf3 g4 56. Bg2 g3 57. e4 Bg4 58. e5+ dxe5+ 59. Ke4 Bxh5 60. Bh3
Bg4 0-1